Statystyki dla Kierowcy F1 2001

Kliknij tutaj aby rozwiązać quiz!

Ogólne statystyki

  • Ten quiz został rozwiązany 23 razy
  • Średni wynik to 13 z 29

Statystyki odpowiedzi

ZespółKierowca% Poprawnych
Scuderia Ferrari MarlboroMichael Schumacher
100%
BMW WilliamsF1 TeamRalf Schumacher
100%
Kimi Raikkonen
90%
Jenson Button
85%
Fernando Alonso
80%
Rubens Barrichello
75%
Mild Seven Benetton RenaultGiancarlo Fisichella
65%
Juan Pablo Montoya
65%
West McLaren MercedesMika Hakkinen
60%
Red Bull Sauber PetronasNick Heidfeld
60%
David Coulthard
55%
Jarno Trulli
50%
Orange Arrows AsiatechJos Verstappen
50%
Heinz-Harald Frentzen
40%
Benson & Hedges Jordan HondaHeinz-Harald Frentzen
40%
Jacques Villeneuve
40%
Lucky Strike BAR HondaOlivier Panis
30%
Alex Yoong
25%
Jaguar Racing F1 TeamEddie Irvine
25%
Jean Alesi
25%
Prost Grand PrixJean Alesi
25%
Gaston Mazzacane
20%
Pedro de la Rosa
20%
Tomas Enge
20%
Enrique Bernoldi
15%
Luciano Burti
15%
Luciano Burti
15%
Ricardo Zonta
15%
European Minardi F1Tarso Marques
15%

Rozkład punktacji

Percentyl według liczby udzielonych odpowiedzi

Procent ludzi z każdym wynikiem

Twoja historia wyników

Nie rozwiązałeś tego quizu